|
|
|
|
| LEADER |
01448nam a2200325 a 4500 |
| 001 |
00022325 |
| 008 |
110419s1989 bg w 000 0 mul d |
| 040 |
|
|
|a BD-DhAAL
|c BD-DhAAL
|
| 041 |
|
|
|a Eng
|a Ben
|
| 082 |
0 |
0 |
|a 348.5492/046
|2 22
|
| 999 |
|
|
|c 10731
|d 10731
|
| 999 |
|
|
|c 10731
|
| 130 |
0 |
|
|a DLR
|9 4106
|
| 245 |
0 |
4 |
|a The Dhaka law reports :
|b a monthly law journal,
|c Founder editor, Obaidul Huq Chowdhury, acting editor, A. Muntaquim Chaudhury, Associate editor, M. L. Bhowmick,
|n volume no. 41
|
| 246 |
1 |
7 |
|a The Dhaka Law Reports.
|
| 260 |
|
|
|a Dhaka :
|b Dhaka Law Reports,
|c 1989
|
| 300 |
|
|
|a 314, 546, 75 p. :
|c 25 cm.
|
| 362 |
0 |
|
|a Vol.XLI,1989
|
| 500 |
|
|
|a "A journal of law reports."
|
| 500 |
|
|
|a Latest issue consulted: Vol.XLI,January to December,1989
|
| 541 |
|
|
|e 00022325
|
| 590 |
|
|
|a Published yearly.
|
| 650 |
|
0 |
|a Law reports, digests, etc.
|z Bangladesh.
|9 4107
|
| 700 |
1 |
|
|a Chowdhury, Obaidul Haque.
|9 1137
|
| 700 |
1 |
|
|a Chaudhury, A. Muntaquim.
|9 4056
|
| 700 |
1 |
|
|a Bhowmick, M. L.
|9 4108
|
| 852 |
4 |
|
|a Ayesha Abed Library
|j General shelf
|
| 942 |
|
|
|2 ddc
|c 1HOUR
|0 3
|
| 952 |
|
|
|0 0
|1 0
|2 ddc
|4 0
|6 348_549204600000000_DHA
|7 0
|8 REF
|9 16146
|a BRACUL
|b BRACUL
|c CIR
|d 2011-04-19
|l 16
|o 348.5492046 DHA
|p 3010022325
|r 2016-10-02
|s 2016-10-02
|t 1
|w 2011-04-19
|y 1HOUR
|x Available
|
| 952 |
|
|
|0 0
|1 0
|2 ddc
|4 0
|6 348_549204600000000_DHA
|7 0
|8 REF
|9 24018
|a BRACUL
|b BRACUL
|c REF
|d 2014-03-24
|l 1
|o 348.5492046 DHA
|p 3010020929
|r 2025-05-08
|s 2025-05-08
|t 2
|w 2014-03-24
|y 1HOUR
|